Countries: Danish to English - Statistics

General Stats
  • This quiz has been taken 97 times
  • The average score is 13 of 15
Answer Stats
Danish English % Correct
Norge Norway
100%
Sverige Sweden
99%
Østrig Austria
98%
Schweiz Switzerland
96%
Storbritannien United Kingdom
96%
Estland Estonia
93%
Litauen Lithuania
93%
Tyrkiet Turkey
93%
Kina China
92%
Sydafrika South Africa
88%
Letland Latvia
87%
Tyskland Germany
80%
Ungarn Hungary
79%
Tjekkiet Czech Republic
71%
Hviderusland Belarus
69%
No matching quizzes found
Score Distribution
Percent of People with Each Score
Percentile by Number Answered
Your Score History
You have not taken this quiz